Project management (Record no. 9709)
[ view plain ]
| 000 -LEADER | |
|---|---|
| fixed length control field | 00242nam a22001217a 4500 |
| 040 ## - CATALOGING SOURCE | |
| Transcribing agency | HS |
| 082 ## - DEWEY DECIMAL CLASSIFICATION NUMBER | |
| Classification number | 658 |
| 110 ## - MAIN ENTRY--CORPORATE NAME | |
| Corporate name or jurisdiction name as entry element | PARTICIP GMBH |
| 245 ## - TITLE STATEMENT | |
| Title | Project management |
| 260 ## - PUBLICATION, DISTRIBUTION, ETC. (IMPRINT) | |
| Place of publication | Belgium |
| Name of publisher | PARTICIP GMBH |
| Year of publication | 2002 |
| 300 ## - PHYSICAL DESCRIPTION | |
| Number of Pages | 70p; |
| 942 ## - ADDED ENTRY ELEMENTS (KOHA) | |
| Koha item type | សៀវភៅភាសាអង់គ្លេស |
| 952 ## - LOCATION AND ITEM INFORMATION (KOHA) | |
| Withdrawn status [LOCAL, KOHA] | 0 |
| 952 ## - LOCATION AND ITEM INFORMATION (KOHA) | |
| Withdrawn status [LOCAL, KOHA] | 0 |
| Permanent Location | Date acquired | Koha item type | Lost status | Shelving location | Barcode | Current Location | Full call number |
|---|---|---|---|---|---|---|---|
| Library Block C | 2016-09-07 | សៀវភៅភាសាអង់គ្លេស | C189 | RUA045949 | Library Block C | 658 PAR 2002 C189 Or.1 | |
| Library Block C | 2016-09-07 | សៀវភៅភាសាអង់គ្លេស | C063 | RUA045362 | Library Block C | 658 PAR 2002 C63 |